| 000 -LEADER |
| fixed length control field |
00725nam a22001337a 4500 |
| 040 ## - CATALOGING SOURCE |
| Transcribing agency |
RUA |
| 082 ## - DEWEY DECIMAL CLASSIFICATION NUMBER |
| Classification number |
LMA HEN 2024 B1-398 Or.1 |
| 100 ## - MAIN ENTRY--AUTHOR NAME |
| Personal name |
HENG TONG ហេង តុង |
| 245 ## - TITLE STATEMENT |
| Title |
CREATING SYMBOLS AND STYLES IN GROGRAPHIC INFORMATION SYSTEM (GIS) USING ArcGIS Pro ការបង្កើតនិមិត្តសញ្ញា (Symbols) និង Styles នៅក្នុងប្រព័ន្ធព័ត៌មានភូមិសាស្ត្រ (GIS) ដោយប្រើប្រាស់កម្មវិធី ArcGIS Pro |
| 260 ## - PUBLICATION, DISTRIBUTION, ETC. (IMPRINT) |
| Place of publication |
RUA |
| Name of publisher |
PHNOM PENH |
| Year of publication |
2024 |
| 300 ## - PHYSICAL DESCRIPTION |
| Number of Pages |
x |
| Other physical details |
ill |
| Dimensions |
29cm |
| 856 ## - ELECTRONIC LOCATION AND ACCESS |
| Uniform Resource Identifier |
https://drive.google.com/file/d/1Ri_ON2tizKVRqOScpu46luhubzCER_qO/view?usp=sharing |
| 942 ## - ADDED ENTRY ELEMENTS (KOHA) |
| Koha item type |
LMA |
| 952 ## - LOCATION AND ITEM INFORMATION (KOHA) |
| Withdrawn status [LOCAL, KOHA] |
0 |
| 952 ## - LOCATION AND ITEM INFORMATION (KOHA) |
| Withdrawn status [LOCAL, KOHA] |
0 |